000 00414nam a2200169Ia 4500
008 240510s9999 xx 000 0 und d
041 _aEng
082 _a519.68/12
082 _bNS
245 0 _aACOS 4/AVP job control language (vol.2) DCB22E-6
260 _bTokyo : NEC
260 _c1987
300 _a1336 p.
650 _aJob control languages : ACOS operating systems
942 _2ddc
942 _cLBK
999 _c23866
_d23866
945 _a1
_bMadushi Gamage
_c1
_dMadushi Gamage